[Event "25. Copenhagen Open  (Politiken Cup)"]
[Site "Copenhagen"]
[Date "2003.07.17"]
[Round "4"]
[White "Egeland, Marte"]
[Black "Manley, Christian"]
[Result "0-1"]
[WhiteElo "1990"]
[BlackElo "1613"]
[PlyCount "44"]
[EventDate "2003.07.14"]
[EventType "swiss"]
[EventRounds "11"]
[EventCountry "DEN"]
[SourceDate "2004.01.01"]

1. e4 c5 2. Nf3 Nc6 3. d4 cxd4 4. Nxd4 a6 5. Be2 e6 6. O-O Bc5 7. Nb3 Ba7 8.
Kh1 b5 9. f4 Bb7 10. Bf3 h5 11. Nc3 Rc8 12. e5 g6 13. Ne4 Bb8 14. Nbc5 Na5 15.
Nxb7 Nxb7 16. Nf6+ Nxf6 17. Bxb7 Rc7 18. Bxa6 Ng4 19. Bxb5 Qh4 20. h3 Qg3 21.
hxg4 hxg4+ 22. Kg1 Ba7+ 0-1

[Event "25. Copenhagen Open  (Politiken Cup)"]
[Site "Copenhagen"]
[Date "2003.07.17"]
[Round "4"]
[White "Flindt, Thomas"]
[Black "Larsen, Steen Skovlund"]
[Result "1/2-1/2"]
[WhiteElo "2134"]
[BlackElo "2310"]
[PlyCount "54"]
[EventDate "2003.07.14"]
[EventType "swiss"]
[EventRounds "11"]
[EventCountry "DEN"]
[SourceDate "2004.01.01"]

1. d4 Nf6 2. Nc3 d5 3. e4 dxe4 4. f3 e3 5. Bxe3 e6 6. Bd3 Nc6 7. Nge2 Nb4 8.
Be4 Be7 9. O-O O-O 10. a3 Nbd5 11. Bf2 b6 12. Nxd5 exd5 13. Bd3 c6 14. Qd2 Ne8
15. Rfe1 Nd6 16. c3 Bf5 17. Bxf5 Nxf5 18. Qc2 g6 19. Nc1 Bd6 20. Nd3 Qc7 21. g3
Rfe8 22. Re2 Rxe2 23. Qxe2 Ng7 24. Re1 Re8 25. Qd2 Rxe1+ 26. Qxe1 Qd7 27. Kg2
f6 1/2-1/2

[Event "25. Copenhagen Open  (Politiken Cup)"]
[Site "Copenhagen"]
[Date "2003.07.17"]
[Round "4"]
[White "Forsmann, Henning"]
[Black "Duijker, Bert"]
[Result "1-0"]
[WhiteElo "1575"]
[BlackElo "2018"]
[PlyCount "127"]
[EventDate "2003.07.14"]
[EventType "swiss"]
[EventRounds "11"]
[EventCountry "DEN"]
[SourceDate "2004.01.01"]

1. d4 f5 2. c4 g6 3. Nc3 Nf6 4. f3 Bg7 5. e4 fxe4 6. Nxe4 O-O 7. Bd3 d6 8. Be3
Nc6 9. Qd2 e5 10. d5 Ne7 11. Ne2 Nf5 12. Bf2 Bh6 13. Qc3 Be3 14. Bc2 Nxe4 15.
Bxe4 Bxf2+ 16. Kxf2 Qg5 17. g3 Nh6 18. Kg2 Bf5 19. Raf1 Rf7 20. h4 Qe7 21. Qe3
Bxe4 22. Qxe4 Raf8 23. Ng1 Nf5 24. Nh3 h6 25. Rf2 Kg7 26. Ng1 Nd4 27. h5 Qf6
28. hxg6 Qxg6 29. Qxg6+ Kxg6 30. Rh4 Rf5 31. Re4 b6 32. f4 R8f7 33. Nh3 Re7 34.
g4 Rff7 35. f5+ Kg7 36. Kg3 Rf6 37. Rd2 c5 38. dxc6 Nxc6 39. a3 Nd4 40. Rdxd4
h5 41. g5 Rxf5 42. Rxd6 Ref7 43. Rd3 Kg6 44. Rde3 Re7 45. Rf3 Rxf3+ 46. Kxf3
Kf5 47. Rh4 Rd7 48. Rxh5 Rd2 49. Rh7 e4+ 50. Ke3 Rxb2 51. Rf7+ Ke6 52. Rf6+ Ke5
53. Nf4 Rb3+ 54. Kf2 Rxa3 55. Ne2 Ra4 56. Rf8 Rxc4 57. g6 e3+ 58. Kf3 Rc7 59.
Rf7 Rc8 60. g7 Rg8 61. Nf4 a5 62. Kxe3 a4 63. Nh5 Ke6 64. Rf8 1-0

[Event "25. Copenhagen Open  (Politiken Cup)"]
[Site "Copenhagen"]
[Date "2003.07.17"]
[Round "4"]
[White "Frisk, Hans"]
[Black "Kristjansson, Atli Freyr"]
[Result "1-0"]
[WhiteElo "1980"]
[BlackElo "1560"]
[PlyCount "159"]
[EventDate "2003.07.14"]
[EventType "swiss"]
[EventRounds "11"]
[EventCountry "DEN"]
[SourceDate "2004.01.01"]

1. e4 c5 2. Nf3 Nc6 3. d4 cxd4 4. Nxd4 Nf6 5. Nc3 e5 6. Ndb5 d6 7. Bg5 a6 8.
Bxf6 gxf6 9. Na3 b5 10. Nd5 f5 11. Bd3 Be6 12. c3 Bg7 13. Qh5 Bxd5 14. exd5 Ne7
15. Rd1 e4 16. Bb1 Qd7 17. O-O Be5 18. f3 e3 19. f4 Qa7 20. Kh1 Bf6 21. Qe2 Qc5
22. Nc2 Nxd5 23. Nxe3 Qxe3 24. Qxe3+ Nxe3 25. Rfe1 Kd7 26. Rxe3 Rae8 27. Bxf5+
Kc7 28. Rde1 Rxe3 29. Rxe3 Kc6 30. g4 h6 31. Be4+ d5 32. Bf3 Kc5 33. b4+ Kc6
34. Rd3 Rd8 35. Kg2 Bh4 36. Kh3 Bf2 37. g5 hxg5 38. fxg5 Be1 39. Kg4 Kb6 40.
Rxd5 Rxd5 41. Bxd5 Bxc3 42. Bxf7 Bxb4 43. g6 Bf8 44. h4 Kc6 45. Kf5 Bg7 46. h5
Kd6 47. Kg5 Ke7 48. h6 Bb2 49. Bd5 Kf8 50. g7+ Bxg7 51. hxg7+ Kxg7 52. Bb7 a5
53. Bc6 b4 54. Kf5 Kf7 55. Ke5 Ke7 56. Kd5 Kd8 57. Kc5 Kc7 58. Ba4 Kb7 59. Kb5
Ka7 60. Kxa5 Kb7 61. Kxb4 Kb6 62. Bd1 Ka6 63. a4 Kb6 64. a5+ Ka7 65. Kb5 Kb7
66. Bf3+ Ka7 67. a6 Kb8 68. Kb6 Kc8 69. a7 Kd7 70. a8=Q Kd6 71. Qd8+ Ke6 72.
Kc6 Kf7 73. Bh5+ Kg7 74. Qe8 Kf6 75. Kd5 Kg5 76. Qf8 Kh4 77. Qg8 Kh3 78. Ke4
Kh2 79. Kf3 Kh3 80. Qg3# 1-0

[Event "25. Copenhagen Open  (Politiken Cup)"]
[Site "Copenhagen"]
[Date "2003.07.17"]
[Round "4"]
[White "Gullaksen, Eirik T"]
[Black "Johannessen, Leif Erlend"]
[Result "1/2-1/2"]
[WhiteElo "2359"]
[BlackElo "2525"]
[PlyCount "37"]
[EventDate "2003.07.14"]
[EventType "swiss"]
[EventRounds "11"]
[EventCountry "DEN"]
[SourceDate "2004.01.01"]

1. e4 c5 2. Nf3 Nc6 3. Bb5 g6 4. Bxc6 dxc6 5. d3 Bg7 6. h3 Nf6 7. Nc3 Nd7 8.
Be3 e5 9. Qd2 h6 10. O-O Qe7 11. Nh2 Nf8 12. f4 exf4 13. Rxf4 Be6 14. Qf2 Nd7
15. Qe2 O-O-O 16. Raf1 b6 17. R4f2 Kb7 18. Nf3 Rh7 19. a3 1/2-1/2

[Event "25. Copenhagen Open  (Politiken Cup)"]
[Site "Copenhagen"]
[Date "2003.07.17"]
[Round "4"]
[White "Hansen, Ejlif Trier"]
[Black "Grove, Peter"]
[Result "0-1"]
[WhiteElo "1291"]
[BlackElo "1577"]
[PlyCount "50"]
[EventDate "2003.07.14"]
[EventType "swiss"]
[EventRounds "11"]
[EventCountry "DEN"]
[SourceDate "2004.01.01"]

1. d4 Nf6 2. c4 c5 3. Nf3 cxd4 4. Nxd4 e5 5. Nc2 Bc5 6. e3 O-O 7. Nc3 e4 8. b4
Bb6 9. Ba3 Re8 10. g3 Bc7 11. Bb2 Nc6 12. Bg2 Ne5 13. Nxe4 Nxe4 14. Bxe4 Nxc4
15. Bxh7+ Kh8 16. Bxg7+ Kxg7 17. Qg4+ Kxh7 18. Qxc4 d5 19. Qd3+ Kh8 20. Rd1 Be6
21. h4 Qf6 22. Nd4 Bd6 23. a3 Rac8 24. Nb5 Be5 25. Kd2 Qxf2+ 0-1

[Event "25. Copenhagen Open  (Politiken Cup)"]
[Site "Copenhagen"]
[Date "2003.07.17"]
[Round "4"]
[White "Hansen, Erik Friberg"]
[Black "Radovic, Slobodan"]
[Result "0-1"]
[WhiteElo "1220"]
[BlackElo "1391"]
[PlyCount "136"]
[EventDate "2003.07.14"]
[EventType "swiss"]
[EventRounds "11"]
[EventCountry "DEN"]
[SourceDate "2004.01.01"]

1. c4 Nf6 2. Nc3 d5 3. cxd5 Nxd5 4. e4 Nxc3 5. bxc3 e5 6. d4 Bd6 7. Nf3 Bg4 8.
Be2 Bxf3 9. Bxf3 O-O 10. O-O Nd7 11. Be2 c5 12. d5 Nf6 13. f3 h6 14. c4 Nh5 15.
g3 g5 16. Qe1 Kh7 17. Kh1 Ng7 18. g4 f6 19. Kg2 h5 20. h3 Kg6 21. Bd2 Rh8 22.
Rh1 Qd7 23. Qf2 Rh7 24. Be3 b6 25. Bd3 Rah8 26. Raf1 Ne8 27. Ra1 Qa4 28. Qc2
Qxc2+ 29. Bxc2 Nc7 30. Bd2 Na6 31. a3 Nb8 32. Bd3 Nd7 33. Rab1 Nf8 34. a4 Bc7
35. Bc3 Kh6 36. Bd2 Ng6 37. Be2 Kg7 38. Kg3 hxg4 39. fxg4 Nf4 40. Bxf4 exf4+
41. Kg2 Kf7 42. Bf1 Ke7 43. Kf2 Kd6 44. Ke2 Rh4 45. Bg2 R4h7 46. Rbd1 Rb8 47.
Rb1 Bd8 48. Kd3 Bc7 49. Ke2 Bd8 50. Kd3 a6 51. Kc3 Rhb7 52. Kc2 b5 53. axb5
axb5 54. Bf1 b4 55. Rb3 Ra8 56. Be2 Ra2+ 57. Kd3 Ra3 58. Bd1 Ra1 59. Bf3 Rba7
60. Rxa1 Rxa1 61. Kd2 Rg1 62. Be2 Ke5 63. Kd3 Rg3+ 64. Kc2 Rxb3 65. Kxb3 Kxe4
66. d6 f3 67. Bf1 f5 68. gxf5 Kxf5 0-1

[Event "25. Copenhagen Open  (Politiken Cup)"]
[Site "Copenhagen"]
[Date "2003.07.17"]
[Round "4"]
[White "Hanssen, Gunnar Berg"]
[Black "Hoi, Carsten"]
[Result "1/2-1/2"]
[WhiteElo "2280"]
[BlackElo "2385"]
[PlyCount "49"]
[EventDate "2003.07.14"]
[EventType "swiss"]
[EventRounds "11"]
[EventCountry "DEN"]
[SourceDate "2004.01.01"]

1. d4 Nf6 2. c4 c5 3. Nf3 g6 4. Nc3 Bg7 5. e4 cxd4 6. Nxd4 d6 7. Be2 O-O 8. Be3
Nc6 9. O-O Nxd4 10. Bxd4 Bd7 11. Qd2 Bc6 12. f3 a5 13. b3 Nd7 14. Be3 Nc5 15.
Rab1 Qb6 16. Rfc1 Qb4 17. Rc2 Rfc8 18. Qc1 Qb6 19. a3 Qd8 20. b4 axb4 21. axb4
Na4 22. Nxa4 Rxa4 23. c5 dxc5 24. b5 Be8 25. Rxc5 1/2-1/2

[Event "25. Copenhagen Open  (Politiken Cup)"]
[Site "Copenhagen"]
[Date "2003.07.17"]
[Round "4"]
[White "Harestad, Hans Krogh"]
[Black "Jorgensen, Dennis"]
[Result "0-1"]
[WhiteElo "2249"]
[BlackElo "2104"]
[PlyCount "80"]
[EventDate "2003.07.14"]
[EventType "swiss"]
[EventRounds "11"]
[EventCountry "DEN"]
[SourceDate "2004.01.01"]

1. d4 d5 2. c4 c6 3. Nf3 Nf6 4. Nc3 e6 5. e3 Nbd7 6. Qc2 Be7 7. Be2 O-O 8. O-O
b6 9. e4 dxe4 10. Nxe4 Qc7 11. Bg5 Re8 12. Nc3 Bb7 13. Rad1 a6 14. Bh4 Bd6 15.
Qd2 Bf4 16. Qc2 c5 17. d5 exd5 18. Nxd5 Bxd5 19. cxd5 h6 20. a4 Ne4 21. Bc4 Nd6
22. Ba2 Nf8 23. Bb1 Rac8 24. Bg3 Bxg3 25. hxg3 Qd7 26. Rfe1 Rxe1+ 27. Rxe1 Re8
28. Rxe8 Nxe8 29. a5 Qb5 30. axb6 Qxb6 31. Qe2 Nf6 32. Ba2 Qd6 33. Nh4 g6 34.
Nf3 N8d7 35. Qd3 Kg7 36. Nd2 Qe5 37. Nf3 Qxb2 38. Bc4 Nb6 39. Bxa6 c4 40. Qd2
Qa1+ 0-1

[Event "25. Copenhagen Open  (Politiken Cup)"]
[Site "Copenhagen"]
[Date "2003.07.17"]
[Round "4"]
[White "Hartvig, Ove Weiss"]
[Black "Nielsen, Jan Mose"]
[Result "1/2-1/2"]
[WhiteElo "2295"]
[BlackElo "2111"]
[PlyCount "32"]
[EventDate "2003.07.14"]
[EventType "swiss"]
[EventRounds "11"]
[EventCountry "DEN"]
[SourceDate "2004.01.01"]

1. e4 c5 2. Nf3 Nc6 3. d4 cxd4 4. Nxd4 e5 5. Nb5 d6 6. c4 Be7 7. N1c3 a6 8. Na3
Be6 9. Bd3 Rc8 10. Nc2 Na5 11. b3 b5 12. Ne3 bxc4 13. bxc4 Nxc4 14. Qa4+ Bd7
15. Qb3 Nxe3 16. Bxe3 Rb8 1/2-1/2

[Event "25. Copenhagen Open  (Politiken Cup)"]
[Site "Copenhagen"]
[Date "2003.07.17"]
[Round "4"]
[White "Hasling, Rolf Hjortkjaer"]
[Black "Sandbech, Ted"]
[Result "1-0"]
[WhiteElo "2040"]
[BlackElo "1660"]
[PlyCount "119"]
[EventDate "2003.07.14"]
[EventType "swiss"]
[EventRounds "11"]
[EventCountry "DEN"]
[SourceDate "2004.01.01"]

1. e4 d5 2. exd5 Qxd5 3. Nc3 Qa5 4. d4 c6 5. Bc4 Nf6 6. Qe2 e6 7. Nf3 Be7 8.
Bd2 Qd8 9. O-O-O O-O 10. Ne4 Nxe4 11. Qxe4 Nd7 12. Bd3 Nf6 13. Qh4 g6 14. Bg5
Nd5 15. c4 Bxg5+ 16. Nxg5 Nf6 17. Kb1 Kg7 18. Qf4 Nh5 19. Qe3 Bd7 20. h4 b5 21.
g4 Nf6 22. f3 bxc4 23. Bxc4 Nd5 24. Qd2 a5 25. Ne4 Qe7 26. Nc5 a4 27. h5 Rh8
28. h6+ Kf8 29. Rde1 a3 30. Bxd5 cxd5 31. b3 Bb5 32. Qf4 Bd7 33. g5 Rc8 34. Rh2
Ke8 35. Nb7 Rc6 36. Qb8+ Bc8 37. Qe5 Rg8 38. Nc5 Qd6 39. f4 Qxe5 40. fxe5 Ke7
41. Rf2 Rf8 42. Rc2 Bd7 43. Rec1 Rfc8 44. Nb7 Rxc2 45. Rxc2 Rb8 46. Rc7 Ke8 47.
Nd6+ Kd8 48. Rb7 Rxb7 49. Nxb7+ Ke7 50. Nc5 Bc6 51. Kc2 Kd8 52. b4 Kc7 53. Kb3
Kb6 54. Kxa3 Bb5 55. Kb2 Be8 56. a4 Bc6 57. Kb3 Be8 58. b5 Ka5 59. Nb7+ Kb6 60.
Nd6 1-0

[Event "25. Copenhagen Open  (Politiken Cup)"]
[Site "Copenhagen"]
[Date "2003.07.17"]
[Round "4"]
[White "Hector, Jonny"]
[Black "Hjelm, Niclas"]
[Result "0-1"]
[WhiteElo "2538"]
[BlackElo "2331"]
[PlyCount "78"]
[EventDate "2003.07.14"]
[EventType "swiss"]
[EventRounds "11"]
[EventCountry "DEN"]
[SourceDate "2004.01.01"]

1. d4 d5 2. Nc3 c6 3. e4 dxe4 4. Nxe4 Nd7 5. Ng5 Ngf6 6. Bc4 e6 7. Qe2 Nb6 8.
Bd3 h6 9. N5f3 c5 10. Be3 Nbd5 11. Ne5 a6 12. Ngf3 Qc7 13. O-O Bd6 14. Nc4 Be7
15. a4 b6 16. Nfe5 Bb7 17. dxc5 Bxc5 18. Bd2 O-O 19. Kh1 Rfe8 20. c3 b5 21. Na3
b4 22. cxb4 Bxb4 23. Rac1 Qe7 24. Bxb4 Nxb4 25. Bb1 Rac8 26. Nac4 Rc5 27. a5
Rd8 28. f3 Rd4 29. b3 Rd8 30. Qf2 Rcd5 31. Qa7 Rd4 32. Ne3 Rd2 33. Qb6 Nfd5 34.
Nxd5 Nxd5 35. Qg1 Nf4 36. Rf2 Ne2 37. Qe1 Qa3 38. Nc4 Qxc1 39. Qxc1 Rd1+ 0-1

[Event "25. Copenhagen Open  (Politiken Cup)"]
[Site "Copenhagen"]
[Date "2003.07.17"]
[Round "4"]
[White "Hein, Jacob"]
[Black "Liden, Tommy"]
[Result "0-1"]
[WhiteElo "1220"]
[BlackElo "1883"]
[PlyCount "84"]
[EventDate "2003.07.14"]
[EventType "swiss"]
[EventRounds "11"]
[EventCountry "DEN"]
[SourceDate "2004.01.01"]

1. d4 d5 2. c4 e6 3. cxd5 exd5 4. Nf3 Nf6 5. e3 Bd6 6. Be2 Bf5 7. Nbd2 c6 8.
Ne5 Nbd7 9. f4 Ne4 10. Ndf3 Bb4+ 11. Bd2 Bxd2+ 12. Nxd2 Qh4+ 13. g3 Nxg3 14.
Ndf3 Qh6 15. Rg1 Nxe2 16. Qxe2 Nxe5 17. Nxe5 f6 18. Nf3 O-O-O 19. O-O-O Rhe8
20. Rg3 Re7 21. Qd2 Rde8 22. Re1 Be4 23. Qf2 Bxf3 24. Rxf3 f5 25. h4 Re4 26.
Qg3 Qf6 27. Kd2 Qe7 28. Qh3 Rxd4+ 29. exd4 Qxe1+ 30. Kc2 Qe2+ 31. Kb3 Qb5+ 32.
Ka3 c5 33. Qxf5+ Kb8 34. dxc5 Qxc5+ 35. b4 Qc1+ 36. Ka4 Qc6+ 37. Ka3 b5 38. Rd3
Qc1+ 39. Kb3 Qc4+ 40. Ka3 a5 41. Rb3 Qc1+ 42. Rb2 Re3+ 0-1

[Event "25. Copenhagen Open  (Politiken Cup)"]
[Site "Copenhagen"]
[Date "2003.07.17"]
[Round "4"]
[White "Helin, Mikael"]
[Black "Jensen, Alexander Lindberg"]
[Result "1-0"]
[WhiteElo "1971"]
[BlackElo "1539"]
[PlyCount "47"]
[EventDate "2003.07.14"]
[EventType "swiss"]
[EventRounds "11"]
[EventCountry "DEN"]
[SourceDate "2004.01.01"]

1. e4 d5 2. e5 e6 3. Nf3 c5 4. b4 Bd7 5. bxc5 Bxc5 6. d4 Bb4+ 7. c3 Ba5 8. Bd3
Ne7 9. a4 Nbc6 10. O-O Ng6 11. Re1 Nce7 12. h4 h5 13. Ng5 Nxh4 14. g3 Nhf5 15.
Kg2 Qc7 16. Ra3 Rc8 17. Rh1 g6 18. g4 Ng7 19. Qf3 Ngf5 20. gxf5 exf5 21. Bf4
Be6 22. Bb5+ Nc6 23. c4 dxc4 24. d5 1-0

[Event "25. Copenhagen Open  (Politiken Cup)"]
[Site "Copenhagen"]
[Date "2003.07.17"]
[Round "4"]
[White "Hesselberg, Leif"]
[Black "Pallesen, Jacob"]
[Result "1/2-1/2"]
[WhiteElo "1913"]
[BlackElo "2056"]
[PlyCount "62"]
[EventDate "2003.07.14"]
[EventType "swiss"]
[EventRounds "11"]
[EventCountry "DEN"]
[SourceDate "2004.01.01"]

1. d4 f5 2. c4 Nf6 3. Nc3 g6 4. Nf3 Bg7 5. g3 O-O 6. Bg2 d6 7. d5 c5 8. O-O Na6
9. a3 Bd7 10. Rb1 Ne8 11. Qc2 Nec7 12. b4 cxb4 13. axb4 b5 14. cxb5 Nxb5 15.
Nxb5 Bxb5 16. Qd2 Qb6 17. Bb2 Bxb2 18. Rxb2 Rfc8 19. Qh6 e5 20. dxe6 Rc7 21.
Ng5 Re8 22. Nxh7 Rxh7 23. Qxg6+ Rg7 24. Qxf5 Bc4 25. Bd5 Bxd5 26. Qxd5 Nxb4 27.
Rxb4 Qxb4 28. e7+ Rf7 29. Qg5+ Kh7 30. Qh5+ Kg7 31. Qg5+ Kh7 1/2-1/2

[Event "25. Copenhagen Open  (Politiken Cup)"]
[Site "Copenhagen"]
[Date "2003.07.17"]
[Round "4"]
[White "Holst, Allan"]
[Black "Abrahamsson, Daniel"]
[Result "1-0"]
[WhiteElo "2361"]
[BlackElo "1671"]
[PlyCount "73"]
[EventDate "2003.07.14"]
[EventType "swiss"]
[EventRounds "11"]
[EventCountry "DEN"]
[SourceDate "2004.01.01"]

1. d4 g6 2. Nf3 Bg7 3. c4 d6 4. Nc3 c5 5. dxc5 dxc5 6. Qxd8+ Kxd8 7. Bf4 Bxc3+
8. bxc3 Nc6 9. g3 Be6 10. Nd2 Rc8 11. Nb3 b6 12. e4 Nf6 13. f3 Nd7 14. Be2 f6
15. h4 Ke8 16. a4 a5 17. Bc1 Bf7 18. Nd2 Rg8 19. Nf1 e6 20. f4 f5 21. Rb1 h5
22. Bf3 Kd8 23. Ne3 Kc7 24. Nc2 Na7 25. O-O Nf6 26. e5 Nd7 27. Rd1 Rgd8 28. Rd6
Rb8 29. Na3 Nxe5 30. fxe5 Rxd6 31. exd6+ Kxd6 32. Bd5 Nc8 33. Nb5+ Kd7 34. Bf4
Nd6 35. Nxd6 Rf8 36. Bf3 e5 37. Bxe5 1-0

[Event "25. Copenhagen Open  (Politiken Cup)"]
[Site "Copenhagen"]
[Date "2003.07.17"]
[Round "4"]
[White "Houska, Jovanka"]
[Black "Stokke, Kjetil"]
[Result "1-0"]
[WhiteElo "2350"]
[BlackElo "2162"]
[PlyCount "77"]
[EventDate "2003.07.14"]
[EventType "swiss"]
[EventRounds "11"]
[EventCountry "DEN"]
[SourceDate "2004.01.01"]

1. e4 e5 2. Nc3 Nf6 3. Nf3 Nc6 4. g3 Nxe4 5. Nxe4 d5 6. Nc3 d4 7. Bg2 dxc3 8.
bxc3 Bc5 9. O-O O-O 10. Re1 Re8 11. d4 Bg4 12. dxc5 Qxd1 13. Rxd1 e4 14. Bf4
exf3 15. h3 fxg2 16. hxg4 Re7 17. Kxg2 Na5 18. g5 b6 19. Re1 Rae8 20. Rxe7 Rxe7
21. Rd1 f6 22. gxf6 gxf6 23. Rd8+ Kf7 24. Rc8 Nb7 25. c6 Nd6 26. Bxd6 cxd6 27.
Rb8 Ke6 28. Rb7 Re8 29. Rxh7 Rc8 30. c7 Kd5 31. g4 Kc4 32. f4 Kxc3 33. g5 fxg5
34. fxg5 Kxc2 35. g6 Kb2 36. g7 Rxc7 37. g8=Q Rxh7 38. Qxh7 Kxa2 39. Qxa7+ 1-0

[Event "25. Copenhagen Open  (Politiken Cup)"]
[Site "Copenhagen"]
[Date "2003.07.17"]
[Round "4"]
[White "Hvenekilde, Jorgen"]
[Black "Vovk, Oksana"]
[Result "1-0"]
[WhiteElo "2259"]
[BlackElo "2107"]
[PlyCount "103"]
[EventDate "2003.07.14"]
[EventType "swiss"]
[EventRounds "11"]
[EventCountry "DEN"]
[SourceDate "2004.01.01"]

1. d4 Nf6 2. c4 e6 3. Nc3 Bb4 4. e3 c5 5. Nge2 cxd4 6. exd4 d5 7. a3 Be7 8. c5
b6 9. b4 O-O 10. Bf4 bxc5 11. dxc5 Nc6 12. Qa4 Qe8 13. Rd1 e5 14. Bg5 d4 15.
Bxf6 Bxf6 16. Nd5 Bd8 17. Ng3 Be6 18. Bc4 Qd7 19. Ne3 Bc7 20. Bb5 Qe7 21. Nef5
Bxf5 22. Nxf5 Qg5 23. Bxc6 Qxf5 24. Bxa8 Rxa8 25. Qc6 Rc8 26. Qf3 Qe6 27. O-O
f5 28. Rb1 e4 29. Qb3 Kf7 30. b5 Rb8 31. Rfd1 d3 32. a4 Qxb3 33. Rxb3 Ke6 34.
b6 axb6 35. cxb6 Rxb6 36. Rxb6+ Bxb6 37. Rb1 Ba5 38. Kf1 f4 39. Rb3 Kd6 40. f3
d2 41. Ke2 e3 42. g3 g5 43. gxf4 gxf4 44. Rb5 Bc3 45. Rh5 Kc6 46. Rf5 Kd6 47.
Rxf4 Be5 48. Rh4 Kd5 49. a5 Bd4 50. a6 Bb6 51. Rxh7 Kc4 52. a7 1-0

[Event "25. Copenhagen Open  (Politiken Cup)"]
[Site "Copenhagen"]
[Date "2003.07.17"]
[Round "4"]
[White "Hogh, Sidsel T"]
[Black "Larsson, Nicolai"]
[Result "1/2-1/2"]
[WhiteElo "1438"]
[BlackElo "1238"]
[PlyCount "84"]
[EventDate "2003.07.14"]
[EventType "swiss"]
[EventRounds "11"]
[EventCountry "DEN"]
[SourceDate "2004.01.01"]

1. d4 b6 2. c4 Bb7 3. Nc3 e6 4. e3 Bb4 5. Bd2 Ne7 6. Nf3 O-O 7. Be2 d6 8. O-O
Nd7 9. Qc2 f5 10. a3 Bxc3 11. Bxc3 Qe8 12. Bb4 a5 13. Bc3 h6 14. Nd2 Qg6 15.
Bf3 Bxf3 16. Nxf3 f4 17. Qd2 fxe3 18. Qxe3 Rf7 19. Rae1 Rf6 20. Re2 Raf8 21.
Kh1 Qg4 22. Qe4 Qg6 23. Rfe1 Re8 24. Qe3 Nf5 25. Qe4 Ne7 26. Qxg6 Nxg6 27. b4
axb4 28. axb4 Kf7 29. Ra2 Rf5 30. Ra7 Rc8 31. Kg1 e5 32. dxe5 Ndxe5 33. Nxe5+
Nxe5 34. Bxe5 Rxe5 35. Rxe5 dxe5 36. Kf1 Ke6 37. Ke2 g5 38. Ke3 Kf5 39. f3 h5
40. g3 g4 41. fxg4+ hxg4 42. c5 bxc5 1/2-1/2

[Event "25. Copenhagen Open  (Politiken Cup)"]
[Site "Copenhagen"]
[Date "2003.07.17"]
[Round "4"]
[White "Jakobsen, Hans Endrup"]
[Black "Glud, Jakob Vang"]
[Result "1/2-1/2"]
[WhiteElo "1918"]
[BlackElo "2173"]
[PlyCount "138"]
[EventDate "2003.07.14"]
[EventType "swiss"]
[EventRounds "11"]
[EventCountry "DEN"]
[SourceDate "2004.01.01"]

1. e4 c5 2. Nc3 e6 3. f4 d5 4. Bb5+ Nc6 5. Nf3 dxe4 6. Bxc6+ bxc6 7. Nxe4 Ba6
8. b3 Nf6 9. Nf2 c4 10. bxc4 Bxc4 11. d3 Bd5 12. O-O Bc5 13. d4 Be7 14. Ne5 c5
15. c4 Bb7 16. Qa4+ Kf8 17. Rb1 Qc7 18. dxc5 Bxc5 19. Ba3 Be4 20. Bxc5+ Qxc5
21. Qb4 Qxb4 22. Rxb4 a5 23. Rb5 Bg6 24. Rc1 Ne8 25. c5 a4 26. c6 Nd6 27. c7
Ke7 28. Rb8 f6 29. Rxh8 Rxh8 30. Nc4 Nxc4 31. Rxc4 Rc8 32. Ne4 Bxe4 33. Rxe4
Rxc7 34. Rxa4 Kd6 35. Kf2 h6 36. Ra6+ Kd5 37. Ra5+ Ke4 38. Ra4+ Kf5 39. h3 h5
40. Kf3 Rc3+ 41. Kf2 h4 42. Ke2 g5 43. fxg5 fxg5 44. Rd4 Ra3 45. Rd2 e5 46. Kf2
Kf4 47. Rb2 e4 48. Ke2 Ra5 49. Rc2 Ke5 50. Rb2 Ra4 51. Ke3 Ra3+ 52. Ke2 Kf4 53.
Rc2 Kg3 54. Kf1 Rd3 55. Ke1 Kf4 56. Rf2+ Ke3 57. Re2+ Kf4 58. Rf2+ Ke5 59. Rb2
Ra3 60. Ke2 Kf4 61. Rc2 g4 62. hxg4 Kxg4 63. Rb2 Kf4 64. Kf1 h3 65. gxh3 Rxh3
66. Rb3 Rh1+ 67. Kg2 Ra1 68. Ra3 Ke5 69. Ra4 Kf4 1/2-1/2

[Event "25. Copenhagen Open  (Politiken Cup)"]
[Site "Copenhagen"]
[Date "2003.07.17"]
[Round "4"]
[White "Jensen, Benjamin Lau"]
[Black "Poulsen, Morten Kjaer"]
[Result "0-1"]
[WhiteElo "1699"]
[BlackElo "2079"]
[PlyCount "84"]
[EventDate "2003.07.14"]
[EventType "swiss"]
[EventRounds "11"]
[EventCountry "DEN"]
[SourceDate "2004.01.01"]

1. e4 e5 2. Nf3 Nc6 3. Bc4 Nf6 4. O-O Nxe4 5. d4 exd4 6. Re1 d5 7. Bxd5 Qxd5 8.
Nc3 Qh5 9. Nxe4 Be6 10. Ng3 Qd5 11. Ng5 O-O-O 12. Nxe6 fxe6 13. Qg4 Re8 14. Nh5
Qd7 15. Bd2 e5 16. Qxd7+ Kxd7 17. c3 Re6 18. cxd4 Nxd4 19. Bc3 g6 20. Ng3 Bg7
21. Rad1 b6 22. b4 Rd8 23. Ne4 Kc8 24. Rd2 Rc6 25. Bxd4 Rxd4 26. Rxd4 exd4 27.
Ng5 h6 28. Nf3 Rc2 29. a4 Ra2 30. a5 bxa5 31. bxa5 Rxa5 32. Kf1 Kd7 33. Nd2 Ra2
34. Ke2 h5 35. Kd3 Ra3+ 36. Ke4 Ra2 37. Kd3 c5 38. Ne4 Kc6 39. Rc1 Bf8 40. h3
Be7 41. g4 Kd5 42. Re1 c4# 0-1

[Event "25. Copenhagen Open  (Politiken Cup)"]
[Site "Copenhagen"]
[Date "2003.07.17"]
[Round "4"]
[White "Jensen, Jonbert"]
[Black "Moller, Frederik Oest"]
[Result "0-1"]
[WhiteElo "1376"]
[BlackElo "1928"]
[PlyCount "112"]
[EventDate "2003.07.14"]
[EventType "swiss"]
[EventRounds "11"]
[EventCountry "DEN"]
[SourceDate "2004.01.01"]

1. e4 c5 2. Nf3 d6 3. d4 cxd4 4. Nxd4 Nf6 5. Nc3 g6 6. Be3 Bg7 7. Bd3 O-O 8.
O-O Nc6 9. f4 Qb6 10. Na4 Qd8 11. c3 Bd7 12. h3 Qa5 13. Bc2 Nxd4 14. Bxd4 Nxe4
15. Bxe4 Bxa4 16. Qd2 Bxd4+ 17. Qxd4 Bc6 18. Bf3 Bxf3 19. Rxf3 Qc5 20. Rc1 Rac8
21. Qe3 Qxe3+ 22. Rxe3 e6 23. Kf2 Rc4 24. g3 d5 25. Rce1 Rfc8 26. R1e2 Kf8 27.
Rd3 b5 28. Rd4 Rxd4 29. cxd4 Rc4 30. Ke3 Ke7 31. a3 a5 32. Rd2 Kd6 33. Kd3 h6
34. Re2 Rc1 35. h4 f6 36. Ke3 Rc7 37. Kd3 Re7 38. Rc2 Rc7 39. Re2 Rc1 40. Ke3
b4 41. axb4 axb4 42. Kf3 Rf1+ 43. Ke3 Rc1 44. Kf3 Rc6 45. Ke3 Kc7 46. Kd3 Kb6
47. Rc2 Rxc2 48. Kxc2 h5 49. b3 Kc6 50. Kd3 Kd6 51. Ke3 e5 52. Kd3 e4+ 53. Ke3
Ke6 54. Kf2 Kf5 55. Ke3 Kg4 56. Kf2 Kh3 0-1

[Event "25. Copenhagen Open  (Politiken Cup)"]
[Site "Copenhagen"]
[Date "2003.07.17"]
[Round "4"]
[White "Jensen, Sren"]
[Black "Tandrup, Michael"]
[Result "0-1"]
[WhiteElo "1565"]
[BlackElo "1984"]
[PlyCount "104"]
[EventDate "2003.07.14"]
[EventType "swiss"]
[EventRounds "11"]
[EventCountry "DEN"]
[SourceDate "2004.01.01"]

1. e4 c5 2. f4 e6 3. Nf3 Nc6 4. b3 d5 5. e5 Nge7 6. Bb2 Nf5 7. Qe2 a6 8. a3 Be7
9. g3 b5 10. Qg2 Bb7 11. Bd3 g6 12. h4 h5 13. Nc3 Ncd4 14. Nxd4 Nxd4 15. Nd1
Nc6 16. Be2 Qc7 17. Nf2 c4 18. b4 Qb6 19. Bf3 a5 20. c3 axb4 21. cxb4 Nd4 22.
O-O Nf5 23. Kh2 Ra6 24. Nh3 Ra7 25. Ng5 Bd8 26. Rad1 Bxg5 27. hxg5 d4 28. Bxb7
Rxb7 29. Ra1 O-O 30. Rfc1 Rd8 31. a4 bxa4 32. Rxc4 Qb5 33. Qf1 Rc7 34. Rxc7
Qxb4 35. Qc1 Qb3 36. Bc3 dxc3 37. Rxc3 Qb5 38. Qe1 Qb2 39. Rd1 Nd4 40. Qe4 Nb5
41. Rd3 Rc8 42. Qb7 Rf8 43. Kh3 a3 44. Rxa3 Qxa3 45. Qxb5 Qf3 46. Qf1 Qg4+ 47.
Kg2 Rd8 48. Qf3 Qf5 49. d3 Kg7 50. Rd2 Rd4 51. Qe3 Rd7 52. Qe4 Qxe4+ 0-1